The late shift : (Record no. 361)

MARC details
000 -LEADER
fixed length control field 00847nam a22003138a 4500
001 - CONTROL NUMBER
control field ACD-3792
003 - CONTROL NUMBER IDENTIFIER
control field DLC
005 - DATE AND TIME OF LATEST TRANSACTION
control field 20200129130613.0
008 - FIXED-LENGTH DATA ELEMENTS--GENERAL INFORMATION
fixed length control field 931206s1993 nyu 001 0 eng
010 ## - LIBRARY OF CONGRESS CONTROL NUMBER
LC control number 93047992
020 ## - INTERNATIONAL STANDARD BOOK NUMBER
International Standard Book Number 1562827545
035 00 - SYSTEM CONTROL NUMBER
-- lcmarc/ARU-2364/STEVES
040 ## - CATALOGING SOURCE
Original cataloging agency DLC
Transcribing agency DLC
043 ## - GEOGRAPHIC AREA CODE
Geographic area code n-us---
050 00 - LIBRARY OF CONGRESS CALL NUMBER
Classification number PN1992.77.T63
Item number C37 1993
082 00 - DEWEY DECIMAL CLASSIFICATION NUMBER
Classification number 791.45/72
Edition information 20
100 1# - MAIN ENTRY--PERSONAL NAME
Personal name Carter, Bill,
Dates associated with a name 1949-
245 14 - TITLE STATEMENT
Title The late shift :
Remainder of title Letterman, Leno, and the network battle for the night /
Statement of responsibility, etc. by Bill Carter.
250 ## - EDITION STATEMENT
Edition statement 1st ed.
260 ## - PUBLICATION, DISTRIBUTION, ETC.
Place of publication, distribution, etc. New York :
Name of publisher, distributor, etc. Hyperion,
Date of publication, distribution, etc. c1993.
263 ## - PROJECTED PUBLICATION DATE
Projected publication date 9402
300 ## - PHYSICAL DESCRIPTION
Extent p. cm.
500 ## - GENERAL NOTE
General note Includes index.
630 00 - SUBJECT ADDED ENTRY--UNIFORM TITLE
Uniform title Tonight show (Television program)
600 10 - SUBJECT ADDED ENTRY--PERSONAL NAME
Personal name Letterman, David.
600 10 - SUBJECT ADDED ENTRY--PERSONAL NAME
Personal name Leno, Jay.
650 #0 - SUBJECT ADDED ENTRY--TOPICAL TERM
Topical term or geographic name entry element Talk shows
Geographic subdivision United States.
942 ## - ADDED ENTRY ELEMENTS (KOHA)
Koha item type Mixed Materials
Holdings
Withdrawn status Lost status Damaged status Not for loan Collection Home library Current library Shelving location Date acquired Barcode Date last seen Price effective from Koha item type
        Reference Centerville Centerville General stacks 09/04/2014 39999000015676 09/04/2014 09/04/2014 Books
        Reference Centerville Centerville General stacks 09/04/2014 39999000015690 09/04/2014 09/04/2014 Books
        Reference Fairview Fairview General stacks 09/04/2014 39999000015638 09/04/2014 09/04/2014 Books
        Reference Midway Midway General stacks 09/04/2014 39999000015652 09/04/2014 09/04/2014 Books